Statystyki dla 5 największych miast polski

Kliknij tutaj aby rozwiązać quiz!

Ogólne statystyki

  • Ten quiz został rozwiązany 156 razy
  • Średni wynik to 3 z 5

Statystyki odpowiedzi

HintOdpowiedź% Poprawnych
1warszawa
98%
3krakow
82%
4wroclaw
58%
5poznan
55%
2łodz
53%

Rozkład punktacji

Percentyl według liczby udzielonych odpowiedzi

Procent ludzi z każdym wynikiem

Twoja historia wyników

Nie rozwiązałeś tego quizu